00354nam a22001097a 4500020001900000040000900019082001800028245006700046942001200113999001900125952010000144 a978-3031342745 cNUST a624.1519bWIN aGeotechnical Instrumentation and Applications by Myint Win Bo  2ddccBK c616345d616345 00102ddc4070aNITbNITd2026-02-23l0o624.1519 / WINpNIT-13794r2026-02-23w2026-02-23yBK